000 00614cam a22002291a 4500
001 sa 66007214
003 DLC
005 20260227112302.0
008 951009s1965 pk a 000 0 urdo
010 _asa 66007214
035 _a(OCoLC)33262492
040 _aDLC
_cWaU
_dDLC
042 _apremarc
043 _an-us---
050 0 0 _aE169
_b.A39
100 1 _aAllana, G.
_q(Gulam),
_d1906-1985.
245 1 0 _aDes bades /
_cJī. Allānah.
260 _aLāhaur :
_bḤāmid Maḥmūd,
_c[1965?]
300 _a311 p. :
_bill. ;
_c18 cm.
546 _aIn Urdu.
651 0 _aUnited States
_xDescription and travel.
999 _c71011
_d71011